000 00496cam a22001575a 4500
001 J100776
008 000000s1919 xxk 000 0 eng u
035 _a(Sirsi) u100776
110 _aSurveyors' Institution
_93783
245 0 4 _aThe incorporated benevolent fund of the Surveyors' Institution committees report and balance sheet for the year 1917-1918. To June 30th 1918.
260 _c1919
300 _a12p.
651 4 _aUnited Kingdom
_y
690 _aBusiness and management
942 _n0
999 _c99823
_d99823